Vista normal
Vista MARC
Entrada Materia (personas)
Número de registros utilizados en: 7
001 - CONTROL NUMBER
- control field: 85560
003 - CONTROL NUMBER IDENTIFIER
- control field: Co-BoUCM
005 - DATE AND TIME OF LATEST TRANSACTION
- control field: 20170503151804.0
008 - FIXED-LENGTH DATA ELEMENTS
- fixed length control field: 170503|| aca||aabn | a|a d
040 ## - CATALOGING SOURCE
- Original cataloging agency: Co-BoUCM
- Transcribing agency: Co-BoUCM
100 ## - HEADING--PERSONAL NAME
- Personal name: Leibniz, Gottfried Wilhelm
- Titles and other words associated with a name: Freiherr von
- Dates associated with a name: 1646-1716
670 ## - SOURCE DATA FOUND
- Source citation: Work cat.: (Co-BoUCM)306522: Leibniz, Gottfried Wilhelm Freiherr von 85559, Obras filosóficas y científicas, 2007